000 00284nam a2200133Ia 4500
100 _aSridhar/K.T
942 _cBK
654 _aprogramming
245 _aProgramming with PASCAL
260 _bOxford
_aNew Delhi
_c1985
082 _a1.64241
_bSRI
300 _a369
546 _aENGLISH
999 _c27255
_d27255